General Knowledge -- Answers Beginning With 'Th' - Statistics

General Stats
  • This quiz has been taken 40 times
  • The average score is 10 of 22
Answer Stats
Hint Answer % Correct
Where you might go to watch a play or a movie. Theatre
94%
God in Norse mythology and Germanic Paganism. Often depicted wielding a hammer, he is associated with thunder, storms and lightning. Thor
92%
River which flows through the city of London. Thames
89%
Country in South East Asia Thailand
83%
Aromatic culinary herb, characterised by small leaves. Thyme
75%
Swedish climate change and social activist. Greta Thunberg
64%
Ancient capital of Egypt for long periods during the Middle Kingdom and New Kingdom eras. Its ruins are now a UNESCO World Heritage Site. Also the name of a small city in Boeotia, Greece, which is one of the oldest continuously inhabited cities in the world. Thebes
56%
To be ruled or governed by a religious elite. Theocracy
56%
American actress know for such films as Pulp Fiction(1994), Kill Bill: Vol I & II(2003,2004), Gattaca(1997), and Henry & June (1990) Uma Thurman
56%
The second largest city in Greece Thessaloniki
44%
Welsh poet, short story and radio play write known for such poems as "Do not go gentle into that good night" and "And death shall have no dominion". Dylan Thomas
33%
Science fiction horror film from 1982, directed by John Carpenter and starring Kurt Russell. The Thing
31%
Epic period drama film released in 2007; directed by Paul Thomas Anderson, and starring Daniel Day Lewis, Paul Dano and Ciarán Hinds. There Will be Blood
28%
Drug prescribed in the 1950s, 1960s and 1970s to treat anxiety, tension and morning sickness in pregnant women, which resulted in birth defects in newborn babies and caused thousands of miscarriages in 46 different countries. Thalidomide
25%
American blues guitarist and singer known for songs such as "Bad to the Bone", "I Drink Alone" and "One Bourbon, One Scotch, and One Beer". George Thorogood
22%
American journalist and author who created the "gonzo" style of journalism. Author of 'Fear and Loathing in Las Vegas'(1972), 'Fear and Loathing on the Campaign Trail '72'(1973), 'The Curse of Lono'(1981), 'Hells Angels'(1966), 'Kingdom of Fear'(2003). Hunter S. Thompson
22%
Common name given to a group of flowering plants, with small spikes which can occur on both the stem and the leaves. Thistle
22%
American actor and singer-songwriter. Known for his roles in such films as Sling Blade(1996), Monsters Ball(2001), Friday Night Lights(2004) and Fargo(Season 1, 2014) Billy Bob Thornton
19%
Usually aluminium powder mixed with a metal oxide, that releases extreme heat and energy when ignited. Used most commonly in welding, but can also be used in incendiary weapons, metal refining and fireworks. Thermite
17%
Geographical and historical region of ancient Greece and Rome. It's area corresponded to present day southeastern Bulgaria, northeastern Greece, and the European part of Turkey. Thrace
17%
British actor known for his roles in Naked(1993), Fargo(Season 3, 2017), Wonder Woman(2017), and the Harry Potter franchise(2004-2011). David Thewlis
8%
The art of performing magic or miracle working. Thaumaturgy
3%
No matching quizzes found
Score Distribution
Percent of People with Each Score
Percentile by Number Answered
Your Score History
You have not taken this quiz